Mastering Microsoft SQL server 2005 Express edition

Whether you're a systems administrator, database application developer, or IT consultant, you'll quickly ratchet up your knowledge of Microsoft SQL Server 2005 with this thorough and comprehensive guide. Light on theory and heavy on practicality, it cuts to the chase with real-world exampl...

Descrición completa

Gardado en:
Detalles Bibliográficos
Autor Principal: Gunderloy, Mike
Formato: Libro
Idioma:Undetermined
Publicado: Indianapolis, Ind. Wiley 2006
Những chủ đề:
Các nhãn: Engadir etiqueta
Sen Etiquetas, Sexa o primeiro en etiquetar este rexistro!
Thư viện lưu trữ: Trung tâm Học liệu Trường Đại học Cần Thơ
LEADER 01267nam a2200205Ia 4500
001 CTU_162769
008 210402s9999 xx 000 0 und d
020 |c 43.79 
082 |a 005.113 
082 |b G975 
100 |a Gunderloy, Mike 
245 0 |a Mastering Microsoft SQL server 2005 Express edition 
245 0 |c Mike Gunderloy, Joseph L. Jorden, David W. Tschanz 
260 |a Indianapolis, Ind. 
260 |b Wiley 
260 |c 2006 
520 |a Whether you're a systems administrator, database application developer, or IT consultant, you'll quickly ratchet up your knowledge of Microsoft SQL Server 2005 with this thorough and comprehensive guide. Light on theory and heavy on practicality, it cuts to the chase with real-world examples of large-scale business applications, an entire chapter on troubleshooting, and crucial information on SQL Server 2005's enhanced connectivity. For new users of Microsoft SQL Server, this book takes you quickly, but systematically, through the introductory topics. 
650 |a Quản lý cơ sở dữ liệu,Client/server computing,SQL (Computer program language),Database management,Điện toán khách chủ 
904 |i Trọng Hiếu 
980 |a Trung tâm Học liệu Trường Đại học Cần Thơ